00000000nam 2200000zi 4500
0019.943265
003CaOODSP
00520250130144621
006m     o  d f      
007cr mn|||||||||
008240916e202410##onc     ob   f100 0 eng d
020 |a9780660736563
040 |aCaOODSP|beng|erda|cCaOODSP
043 |an-cn-ns|an-cn-nk|aln-----
0861 |aFs70-4/2024-040E-PDF
24500|aProceedings of the regional peer review of the southwest Nova Scotia/Bay of Fundy herring framework : |bpart 2 - management strategy evaluation conditioning operating model review : meeting dates, January 21-22, 2020 : location, Dartmouth, Nova Scotia / |cchairpersons, Darek Moreau and Tara McIntyre ; editors, Una Goggin and Rabindra Singh.
264 1|aOttawa ON : |bCanadian Science Advisory Secretariat (CSAS), |cOctober 2024.
264 4|c©2024
300 |a1 online resource (iv, 19 pages).
336 |atext|btxt|2rdacontent
337 |acomputer|bc|2rdamedia
338 |aonline resource|bcr|2rdacarrier
4901 |aProceedings series, |x1701-1280 ; |v2024/040
500 |aIssued also in French under title: Compte rendu de l'examen régional par les pairs du cadre de travail sur le hareng du sud-ouest de la Nouvelle-Écosse et de la baie de Fundy : partie 2 - examen du modèle opérationnel de conditionnement pour l'évaluation de la stratégie de gestion : dates de la réunion, du 21 au 22 janvier 2020 : endroit, Dartmouth (Nouvelle-Écosse).
504 |aIncludes bibliographical references.
520 |a"A regional peer review of the Southwest Nova Scotia/Bay of Fundy Herring Framework: Part 2 - Management Strategy Evaluation Conditioning Operating Model Review was held on January 21-22, 2020, at the Northwest Atlantic Fisheries Organization headquarters in Dartmouth, Nova Scotia. As set out in the Terms of References (ToR) the focus was to review the structure and fitting of an example operating model that will be used as the basis for all of the operating models in the management strategy evaluation (MSE). Participants in this meeting included, DFO Science, DFO Resource Management, DFO Ecosystem Management, DFO Policy, Aboriginal Communities/Organizations, Non-Government Organizations, Fishing Industry, and external experts. This proceedings document includes a summary of the presentations and is a record of the meeting discussions and conclusions. …"--Summary, page iv.
650 0|aAtlantic herring fisheries|zNova Scotia|zAtlantic Coast|xManagement|vCongresses.
650 0|aAtlantic herring fisheries|zFundy, Bay of|xManagement|vCongresses.
650 0|aFish stock assessment|zNova Scotia|zAtlantic Coast|vCongresses.
650 0|aFish stock assessment|zFundy, Bay of|vCongresses.
655 7|aConference papers and proceedings|2lcgft
7001 |aMoreau, Darek.
7102 |aCanadian Science Advisory Secretariat, |eissuing body.
7101 |aCanada. |bDepartment of Fisheries and Oceans. |bMaritimes Region, |eissuing body.
77508|tCompte rendu de l'examen régional par les pairs du cadre de travail sur le hareng du sud-ouest de la Nouvelle-Écosse et de la baie de Fundy : |w(CaOODSP)9.943266
830#0|aProceedings series (Canadian Science Advisory Secretariat)|v2024/040.|w(CaOODSP)9.506483
85640|qPDF|s430 KB|uhttps://publications.gc.ca/collections/collection_2025/mpo-dfo/fs70-4/Fs70-4-2024-040-eng.pdf